FILM ECHANGE, ANNO 05-N.17 (INVERNO 1982) (Record n. 118866)

Dettagli MARC
000 -LEADER
fixed length control field 01058nas a2200253Ia 4500
001 - CONTROL NUMBER
control field R018/42775
003 - CONTROL NUMBER IDENTIFIER
control field IT-RoPAU
008 - FIXED-LENGTH DATA ELEMENTS--GENERAL INFORMATION
fixed length control field 151124c99999999xx |||||||||||| ||und||
040 ## - CATALOGING SOURCE
Original cataloging agency IT-RoPAU
040 ## - CATALOGING SOURCE
Transcribing agency IT-RoPAU
041 ## - LANGUAGE CODE
Language code of text/sound track or separate title FRANCESE
100 ## - MAIN ENTRY--PERSONAL NAME
Personal name Jacquier Michel
Miscellaneous information Codice Aut. SPICS: 21976
210 ## - ABBREVIATED TITLE
Abbreviated title FILM ECHANGE
222 ## - KEY TITLE
Key title Film Echange
245 ## - TITLE STATEMENT
Title FILM ECHANGE, ANNO 05-N.17 (INVERNO 1982)
Remainder of title Coproduction Cinematographique Et Co-Responsabilite': Vers L'Indivision Contractuelle?
250 ## - EDITION STATEMENT
Edition statement 1a ed.
260 ## - PUBLICATION, DISTRIBUTION, ETC. (IMPRINT)
Place of publication, distribution, etc. PARIS
Name of publisher, distributor, etc. S.E.P.P.
Date of publication, distribution, etc. 1982
300 ## - PHYSICAL DESCRIPTION
Extent 15 p. [5-19]
362 ## - DATES OF PUBLICATION AND/OR SEQUENTIAL DESIGNATION
Dates of publication and/or sequential designation ANNO 005, N.17 (INVERNO 1982)
501 ## - WITH NOTE
-- Paulus - SPICS - Società San Paolo EM (non-commercial uses only)
-- Copyright2015
500 ## - GENERAL NOTE
General note Coproduzione Cinematografica e Corresponsabilità. Verso una Contrattazione Indivisa? Contratto di Coproduzione. Responsabilità degli Associati Nei Riguardi di Terzi. Differenti Situazioni degli Associati. Evoluzione della Nozione di Coproduzione.
650 ## - SUBJECT ADDED ENTRY--TOPICAL TERM
Topical term or geographic name as entry element CINEMA
Form subdivision PUBBLICAZIONE PERIODICA
942 ## - ADDED ENTRY ELEMENTS (KOHA)
Koha item type RIVISTA
Dati di copia
Withdrawn status Lost status Damaged status Not for loan Home library Current library Date acquired Total Checkouts Full call number Date last seen Price effective from Koha item type Public note
    Buone Condizioni Not For Loan SPICS-MEDIATECA SPICS-MEDIATECA 25/11/2015   R018/42775 25/11/2015 25/11/2015 RIVISTA Progr. Ins: 26687 / Copia rara: NO / date import: 25.11.2015 / By Epidotti, Trombetti, Vaglietti
CREDITS: SOCIETA' SAN PAOLO Via A.Severo, 58 - ROMA (RM) & PERIODICI SAN PAOLO SRL Via Giotto, 36 MILANO & CISF Via Giotto, 36 MILANO & EDIZIONI SAN PAOLO SRL,  Piazza Soncino, 5 CINISELLO BALSAMO (MI) -- ITALY